| 000 | 00718cam a22002291 4500 | ||
|---|---|---|---|
| 999 |
_c5641 _d5641 |
||
| 001 | 8002636 | ||
| 003 | GBCCL | ||
| 005 | 20241126110546.0 | ||
| 008 | 770909s1966 xx 000 0 eng | ||
| 010 | _a 66018951 | ||
| 035 | _a(OCoLC)3252884 | ||
| 040 |
_aDLC _cTxDaM-P _dODaU _dDLC |
||
| 042 | _apremarc | ||
| 050 | 0 | 0 |
_aBX8071.5 _b.S3313 |
| 082 |
_a248.2 _bSCH |
||
| 100 | 1 |
_aSchlink, Basilea. _92843 |
|
| 245 | 1 | 0 |
_aRealities; _bthe miracles of God experienced today _c[by] M. Basilea Schlink. Translated by Larry Christenson and William Castell. |
| 260 |
_aGrand Rapids, _bZondervan Pub. House _c[1966] |
||
| 300 |
_a128 p. _c21 cm. |
||
| 906 |
_a7 _bcbc _coclcrpl _du _encip _f19 _gy-gencatlg |
||
| 942 |
_2ddc _cBK _01 |
||